[Event "Kaspersky op U16"]
[Site "Tornelo INT"]
[Date "2021.04.02"]
[Round "4"]
[White "Maltseva, Aleksandra"]
[Black "Sanjay, Vasu"]
[Result "1-0"]
[WhiteElo "1316"]
[BlackElo "1092"]
[PlyCount "39"]
[EventDate "2021.04.02"]
[EventType "swiss (blitz)"]
[EventRounds "11"]
[EventCountry "RUS"]
[SourceTitle "CBM 201 Extra"]
[Source "ChessBase"]
[SourceDate "2021.05.31"]
[SourceVersion "1"]
[SourceVersionDate "2021.05.31"]
[SourceQuality "1"]

1. e4 e5 2. Nf3 Nf6 3. Nc3 Bb4 4. Bc4 0-0 5. d3 Nc6 6. 0-0 Bxc3 7. bxc3 d5 8. exd5 Nxd5 9. Bb2 Kh8 10. h3 Bf5 11. Rb1 a6 12. Bxd5 Qxd5 13. c4 Qd6 14. Re1 f6 15. Qd2 b5 16. Qc3 bxc4 17. Ba3 Qe6 18. Bxf8 Rxf8 19. Qa3 cxd3 20. Qxf8+ 1-0